Strategický a marketingový plán rozvoja cestovného ruchu v NSK na roky 2014 - 2020

Guardado en:
Detalles Bibliográficos
Autor principal: Plesník, Pavol, 1956-
Otros Autores: Michálková, Anna, 1968-, Sitányi, Peter, Kočan, Rastislav, Krošláková, Monika, 1975-, Miklovičová, Janka, Béreš, Marek, Rovný, Ivan
Formato: Libro
Lenguaje:eslovaco
Publicado: [Nitra] [2015]
Edición:1. vyd.
Materias:
Etiquetas: Agregar Etiqueta
Sin Etiquetas, Sea el primero en etiquetar este registro!

MARC

LEADER 00000nlm a2200000 4500
001 0214201
005 20241007134214.7
041 0 |a slo 
044 |a SK 
245 1 0 |a Strategický a marketingový plán rozvoja cestovného ruchu v NSK na roky 2014 - 2020  |c hlavný riešiteľ: Pavol Plesník, zodpovední riešitelia: Anna Michálková ... [et al.] ; recenzenti: Marek Béreš, Ivan Rovný 
250 |a 1. vyd. 
264 1 |a [Nitra]  |c [2015] 
300 |a CD-ROM [239 s., 14,76 AH] 
610 2 0 |a ruch cestovný 
610 2 0 |a rozvoj regionálny 
610 2 0 |a plán marketingový 
100 1 |a Plesník, Pavol, 1956- 
700 1 |a Michálková, Anna, 1968- 
700 1 |a Sitányi, Peter 
700 1 |a Kočan, Rastislav 
700 1 |a Krošláková, Monika, 1975- 
700 1 |a Miklovičová, Janka 
700 1 |a Béreš, Marek 
700 1 |a Rovný, Ivan